| 000 | 01398nam a2200349 a 4500 | ||
|---|---|---|---|
| 001 | ebr2003738 | ||
| 003 | CaPaEBR | ||
| 006 | m u | ||
| 007 | cr cn||||||||| | ||
| 008 | 011112s2000 enk sb 001 0 eng | ||
| 015 | _aGB99-U8360 | ||
| 016 | 7 |
_a0750709278 _2Uk |
|
| 020 | _z0750709278 | ||
| 040 |
_aCaPaEBR _cCaPaEBR |
||
| 035 | _a(OCoLC)228039963 | ||
| 050 | 1 | 4 |
_aLB2386 _b.D45 2000eb |
| 082 | 0 | 4 |
_a378.1550941 _221 |
| 100 | 1 |
_aDelamont, Sara, _d1947- |
|
| 245 | 1 | 4 |
_aThe doctoral experience _h[electronic resource] : _bsuccess and failure in graduate school / _cSara Delamont, Paul Atkinson and Odette Parry. |
| 260 |
_aLondon : _bFalmer Press, _c2000. |
||
| 300 | _aviii, 206 p. | ||
| 504 | _aIncludes bibliographic references and index. | ||
| 533 |
_aElectronic reproduction. _bPalo Alto, Calif. : _cebrary, _d2013. _nAvailable via World Wide Web. _nAccess may be limited to ebrary affiliated libraries. |
||
| 650 | 0 |
_aGraduate students _zGreat Britain _vInterviews. |
|
| 650 | 0 |
_aCollege teachers _zGreat Britain _vInterviews. |
|
| 650 | 0 |
_aUniversities and colleges _zGreat Britain _xGraduate work. |
|
| 655 | 7 |
_aElectronic books. _2local |
|
| 700 | 1 | _aAtkinson, Paul. | |
| 700 | 1 |
_aParry, Odette, _d1954- |
|
| 710 | 2 | _aebrary, Inc. | |
| 856 | 4 | 0 |
_uhttp://site.ebrary.com/lib/rucke/Doc?id=2003738 _zAn electronic book accessible through the World Wide Web; click to view |
| 999 |
_c123615 _d123615 |
||